000 00785nji a22002297a 4500
005 20100907151614.0
006 a|||||r|||||00| 0
007 sd ammalaaahaa
008 100830t xxu||||| |||| 00| 0 eng d
028 _aHLP.9440
_bLondon
035 _aGR-01071
040 _aSED
_cSED
100 _917455
_aNelson, Ricky
245 _aA wonder like you /
_cby Ricky Nelson
_h[sound recording] :
260 _aIndia
_bLondon
300 _a1 sound disc [Gramophone Recording]:
_banalog, 33 1/3 rpm
_c9.5 in. (MP)
_fGramophone Record
500 _aBrief Record
505 _aSide-2 (Everlovin (Burgess)) (Ricky Nelson)
650 _aClassical Music
_zIndia
_91186
_xExcerpts
942 _2ddc
_cGR
999 _c44293
_d44293